| 000 | 00559nam a2200169 u 4500 | ||
|---|---|---|---|
| 001 | 000246776 | ||
| 003 | AM-YeHGA | ||
| 005 | 20250617124923.0 | ||
| 008 | 030714s1998 ai r 000 0 arm d | ||
| 040 | _aAM-YeHGA | ||
| 100 | 1 | _aՀովհաննիսյան, Արմենակ Դանիելի | |
| 245 | 1 | 0 |
_aՑայսօր : _bԲանաստեղծ. / _cԱրմենակ Հովհաննիսյան. |
| 260 |
_aԳյումրի : _bՍպիտակ փետուր, _c1998. |
||
| 300 |
_a170 էջ _bդիմանկ, նկ. |
||
| 650 | 1 | 4 | _aՀայ գրականություն |
| 090 | _c89390 | ||
| 999 |
_c88104 _d88104 |
||